Membership directory.

Bibliographic Details
Corporate Author: Fluid Power Society
Format: Serial
Language:English
Published: [Milwaukee, Wis.] : [Fluid Power Society]
Subjects:

MARC

Tag First Indicator Second Indicator Subfields
LEADER 00000cas a2200000 a 4500
001 in00000089043
005 20151008065245.0
008 820809c19uu9999wiuar r 0uuua0eng d
035 |a (OCoLC)08673021 
035 |9 AAK5634AM 
040 |a TXA  |c TXA  |d UtOrBLW 
043 |a n-us--- 
049 |a TXAE 
090 |a TJ844  |b .F48 
110 2 |a Fluid Power Society. 
245 1 0 |a Membership directory. 
264 1 |a [Milwaukee, Wis.] :  |b [Fluid Power Society] 
300 |a volumes :  |b illustrations ;  |c 28 cm. 
336 |a text  |b txt  |2 rdacontent 
337 |a unmediated  |b n  |2 rdamedia 
338 |a volume  |b nc  |2 rdacarrier 
500 |a Title from cover. 
500 |a Description based on: 1979-80. 
515 |a Issue for 1981 also called v. 2, no. 1 of Pressure, quarterly journal of the Society. 
610 2 0 |a Fluid Power Society  |x Directories. 
999 |a MARS 
999 f f |s cf666d14-2fb5-3faf-aabe-627e55e3c7e5  |i 8aec0ce4-9974-397b-ba4e-b40a6f5ae8e8  |t 0 
952 f f |p ric  |a Texas A&M University  |b Rellis Campus  |c Joint Library Facility  |d Remote Storage  |t 0  |e TJ844 .F48  |h Library of Congress classification  |i unmediated -- volume  |l 1981  |m A14815113027 
952 f f |p ric  |a Texas A&M University  |b Rellis Campus  |c Joint Library Facility  |d Remote Storage  |t 0  |e TJ844 .F48  |h Library of Congress classification  |i unmediated -- volume  |l 1979/1980  |m A14815113378 
952 f f |p ric  |a Texas A&M University  |b Rellis Campus  |c Joint Library Facility  |d Remote Storage  |t 0  |e TJ844 .F48  |h Library of Congress classification  |i unmediated -- volume  |l 1982 + membership roster  |m A14808877369 
998 f f |a TJ844 .F48  |s 1979/1980-1982  |t 0  |l Remote Storage